<?xml version="1.0" encoding="UTF-8"?>
<record
    xmlns:xsi="http://www.w3.org/2001/XMLSchema-instance"
    xsi:schemaLocation="http://www.loc.gov/MARC21/slim http://www.loc.gov/standards/marcxml/schema/MARC21slim.xsd"
    xmlns="http://www.loc.gov/MARC21/slim">

  <leader>01262nas a2200265 454500</leader>
  <controlfield tag="001">28792</controlfield>
  <controlfield tag="005">20260407193507.0</controlfield>
  <controlfield tag="008">260407s1965####ag###########|||spa#d</controlfield>
  <controlfield tag="003">AR-UNSa-BCEJYS</controlfield>
  <datafield tag="040" ind1=" " ind2=" ">
    <subfield code="a">AR-UNSa-BCEJYS</subfield>
    <subfield code="b">spa</subfield>
    <subfield code="c">AR-UNSa-BCEJYS</subfield>
  </datafield>
  <datafield tag="080" ind1=" " ind2=" ">
    <subfield code="a">001.8</subfield>
    <subfield code="x">Metodolog&#xED;a. Estudio general del m&#xE9;todo. Procedimientos cient&#xED;ficos y t&#xE9;cnicos para el estudio, La investigaci&#xF3;n y la discusi&#xF3;n</subfield>
  </datafield>
  <datafield tag="245" ind1="1" ind2="0">
    <subfield code="a">Cuaderno de traducciones</subfield>
  </datafield>
  <datafield tag="264" ind1=" " ind2="1">
    <subfield code="a">Buenos Aires :</subfield>
    <subfield code="b">DIGID</subfield>
    <subfield code="c">1965</subfield>
  </datafield>
  <datafield tag="310" ind1=" " ind2=" ">
    <subfield code="a">Frecuencia: Irregular
Cambia de t&#xED;tulo por Informaciones cient&#xED;ficas</subfield>
  </datafield>
  <datafield tag="520" ind1=" " ind2=" ">
    <subfield code="a">El objetivo de esta publicaci&#xF3;n es hacer accesible a los miembros de las Fuerzas Armadas, novedades cient&#xED;ficas y tecnol&#xF3;gicas, prioridades y rumbos de investigaci&#xF3;n, as&#xED; como art&#xED;culos de inter&#xE9;s general de revistas extranjeras.</subfield>
  </datafield>
  <datafield tag="505" ind1=" " ind2=" ">
    <subfield code="a">
</subfield>
  </datafield>
  <datafield tag="041" ind1=" " ind2=" ">
    <subfield code="a">spa</subfield>
  </datafield>
  <datafield tag="942" ind1=" " ind2=" ">
    <subfield code="c">SER</subfield>
  </datafield>
  <datafield tag="590" ind1=" " ind2=" ">
    <subfield code="a">niveau_biblio:s niveau_hierar:1</subfield>
  </datafield>
  <datafield tag="100" ind1="1" ind2=" ">
    <subfield code="a">Argentina, Ministerio de Defensa. Direcci&#xF3;n General de Investigaci&#xF3;n y Desarrollo</subfield>
  </datafield>
  <datafield tag="650" ind1=" " ind2=" ">
    <subfield code="a">Tecnolog&#xED;a</subfield>
  </datafield>
  <datafield tag="650" ind1=" " ind2=" ">
    <subfield code="a">Divulgaci&#xF3;n cient&#xED;fica</subfield>
  </datafield>
  <datafield tag="650" ind1=" " ind2=" ">
    <subfield code="a">INVESTIGACION CIENTIFICA</subfield>
  </datafield>
  <datafield tag="856" ind1="4" ind2="1">
    <subfield code="u">https://biblioeco.unsa.edu.ar/pmb/images/revistas/Informaciones Cientificas-r13913.jpg</subfield>
    <subfield code="y">Imagen de portada</subfield>
    <subfield code="q">image/jpeg</subfield>
  </datafield>
  <datafield tag="999" ind1=" " ind2=" ">
    <subfield code="c">8659</subfield>
    <subfield code="d">8659</subfield>
  </datafield>
  <datafield tag="952" ind1=" " ind2=" ">
    <subfield code="0">0</subfield>
    <subfield code="1">0</subfield>
    <subfield code="4">0</subfield>
    <subfield code="7">0</subfield>
    <subfield code="a">BCEJYS</subfield>
    <subfield code="b">BCEJYS</subfield>
    <subfield code="c">17</subfield>
    <subfield code="d">1980-07-01</subfield>
    <subfield code="h">N&#xBA; 221 - jul./ago. 1980</subfield>
    <subfield code="l">0</subfield>
    <subfield code="o">H001.8 INF 221</subfield>
    <subfield code="p">R13962</subfield>
    <subfield code="r">2026-04-10 16:08:46</subfield>
    <subfield code="w">2026-04-10</subfield>
    <subfield code="y">RN</subfield>
  </datafield>
  <datafield tag="952" ind1=" " ind2=" ">
    <subfield code="0">0</subfield>
    <subfield code="1">0</subfield>
    <subfield code="4">0</subfield>
    <subfield code="7">0</subfield>
    <subfield code="a">BCEJYS</subfield>
    <subfield code="b">BCEJYS</subfield>
    <subfield code="c">17</subfield>
    <subfield code="d">1980-05-01</subfield>
    <subfield code="h">N&#xBA; 220 - mayo/jun. 1980</subfield>
    <subfield code="l">0</subfield>
    <subfield code="o">H001.8 INF 220</subfield>
    <subfield code="p">R13961</subfield>
    <subfield code="r">2026-04-10 16:08:46</subfield>
    <subfield code="w">2026-04-10</subfield>
    <subfield code="y">RN</subfield>
  </datafield>
  <datafield tag="952" ind1=" " ind2=" ">
    <subfield code="0">0</subfield>
    <subfield code="1">0</subfield>
    <subfield code="4">0</subfield>
    <subfield code="7">0</subfield>
    <subfield code="a">BCEJYS</subfield>
    <subfield code="b">BCEJYS</subfield>
    <subfield code="c">17</subfield>
    <subfield code="d">1980-03-01</subfield>
    <subfield code="h">N&#xBA; 219 - mar./abr. 1980</subfield>
    <subfield code="l">0</subfield>
    <subfield code="o">H001.8 INF 219</subfield>
    <subfield code="p">R13960</subfield>
    <subfield code="r">2026-04-10 16:08:46</subfield>
    <subfield code="w">2026-04-10</subfield>
    <subfield code="y">RN</subfield>
  </datafield>
  <datafield tag="952" ind1=" " ind2=" ">
    <subfield code="0">0</subfield>
    <subfield code="1">0</subfield>
    <subfield code="4">0</subfield>
    <subfield code="7">0</subfield>
    <subfield code="a">BCEJYS</subfield>
    <subfield code="b">BCEJYS</subfield>
    <subfield code="c">17</subfield>
    <subfield code="d">1980-01-01</subfield>
    <subfield code="h">N&#xBA; 218 - ene./feb. 1980</subfield>
    <subfield code="l">0</subfield>
    <subfield code="o">H001.8 INF 218</subfield>
    <subfield code="p">R13959</subfield>
    <subfield code="r">2026-04-10 16:08:46</subfield>
    <subfield code="w">2026-04-10</subfield>
    <subfield code="y">RN</subfield>
  </datafield>
  <datafield tag="952" ind1=" " ind2=" ">
    <subfield code="0">0</subfield>
    <subfield code="1">0</subfield>
    <subfield code="4">0</subfield>
    <subfield code="7">0</subfield>
    <subfield code="a">BCEJYS</subfield>
    <subfield code="b">BCEJYS</subfield>
    <subfield code="c">17</subfield>
    <subfield code="d">1979-11-01</subfield>
    <subfield code="h">N&#xBA; 217 - nov./dic. 1979</subfield>
    <subfield code="l">0</subfield>
    <subfield code="o">H001.8 INF 217</subfield>
    <subfield code="p">R13958</subfield>
    <subfield code="r">2026-04-10 16:08:46</subfield>
    <subfield code="w">2026-04-10</subfield>
    <subfield code="y">RN</subfield>
  </datafield>
  <datafield tag="952" ind1=" " ind2=" ">
    <subfield code="0">0</subfield>
    <subfield code="1">0</subfield>
    <subfield code="4">0</subfield>
    <subfield code="7">0</subfield>
    <subfield code="a">BCEJYS</subfield>
    <subfield code="b">BCEJYS</subfield>
    <subfield code="c">17</subfield>
    <subfield code="d">1979-07-01</subfield>
    <subfield code="h">N&#xBA; 215 - jul./ago. 1979</subfield>
    <subfield code="l">0</subfield>
    <subfield code="o">H001.8 INF 215</subfield>
    <subfield code="p">R13957</subfield>
    <subfield code="r">2026-04-10 16:08:46</subfield>
    <subfield code="w">2026-04-10</subfield>
    <subfield code="y">RN</subfield>
  </datafield>
  <datafield tag="952" ind1=" " ind2=" ">
    <subfield code="0">0</subfield>
    <subfield code="1">0</subfield>
    <subfield code="4">0</subfield>
    <subfield code="7">0</subfield>
    <subfield code="a">BCEJYS</subfield>
    <subfield code="b">BCEJYS</subfield>
    <subfield code="c">17</subfield>
    <subfield code="d">1979-05-01</subfield>
    <subfield code="h">N&#xBA; 214 - mayo/jun. 1979</subfield>
    <subfield code="l">0</subfield>
    <subfield code="o">H001.8 INF 214</subfield>
    <subfield code="p">R13956</subfield>
    <subfield code="r">2026-04-10 16:08:46</subfield>
    <subfield code="w">2026-04-10</subfield>
    <subfield code="y">RN</subfield>
  </datafield>
  <datafield tag="952" ind1=" " ind2=" ">
    <subfield code="0">0</subfield>
    <subfield code="1">0</subfield>
    <subfield code="4">0</subfield>
    <subfield code="7">0</subfield>
    <subfield code="a">BCEJYS</subfield>
    <subfield code="b">BCEJYS</subfield>
    <subfield code="c">17</subfield>
    <subfield code="d">1979-03-01</subfield>
    <subfield code="h">N&#xBA; 213 - mar./abr. 1979</subfield>
    <subfield code="l">0</subfield>
    <subfield code="o">H001.8 INF 213</subfield>
    <subfield code="p">R13955</subfield>
    <subfield code="r">2026-04-10 16:08:46</subfield>
    <subfield code="w">2026-04-10</subfield>
    <subfield code="y">RN</subfield>
  </datafield>
  <datafield tag="952" ind1=" " ind2=" ">
    <subfield code="0">0</subfield>
    <subfield code="1">0</subfield>
    <subfield code="4">0</subfield>
    <subfield code="7">0</subfield>
    <subfield code="a">BCEJYS</subfield>
    <subfield code="b">BCEJYS</subfield>
    <subfield code="c">17</subfield>
    <subfield code="d">1979-01-01</subfield>
    <subfield code="h">N&#xBA; 212 - ene./feb. 1979</subfield>
    <subfield code="l">0</subfield>
    <subfield code="o">H001.8 INF 212</subfield>
    <subfield code="p">R13954</subfield>
    <subfield code="r">2026-04-10 16:08:46</subfield>
    <subfield code="w">2026-04-10</subfield>
    <subfield code="y">RN</subfield>
  </datafield>
  <datafield tag="952" ind1=" " ind2=" ">
    <subfield code="0">0</subfield>
    <subfield code="1">0</subfield>
    <subfield code="4">0</subfield>
    <subfield code="7">0</subfield>
    <subfield code="a">BCEJYS</subfield>
    <subfield code="b">BCEJYS</subfield>
    <subfield code="c">17</subfield>
    <subfield code="d">1978-11-01</subfield>
    <subfield code="h">N&#xBA; 211 - nov./dic. 1978</subfield>
    <subfield code="l">0</subfield>
    <subfield code="o">H001.8 INF 211</subfield>
    <subfield code="p">R13953</subfield>
    <subfield code="r">2026-04-10 16:08:46</subfield>
    <subfield code="w">2026-04-10</subfield>
    <subfield code="y">RN</subfield>
  </datafield>
  <datafield tag="952" ind1=" " ind2=" ">
    <subfield code="0">0</subfield>
    <subfield code="1">0</subfield>
    <subfield code="4">0</subfield>
    <subfield code="7">0</subfield>
    <subfield code="a">BCEJYS</subfield>
    <subfield code="b">BCEJYS</subfield>
    <subfield code="c">17</subfield>
    <subfield code="d">1978-09-01</subfield>
    <subfield code="h">N&#xBA; 210 - sep./oct. 1978</subfield>
    <subfield code="l">0</subfield>
    <subfield code="o">H001.8 INF 210</subfield>
    <subfield code="p">R13952</subfield>
    <subfield code="r">2026-04-10 16:08:46</subfield>
    <subfield code="w">2026-04-10</subfield>
    <subfield code="y">RN</subfield>
  </datafield>
  <datafield tag="952" ind1=" " ind2=" ">
    <subfield code="0">0</subfield>
    <subfield code="1">0</subfield>
    <subfield code="4">0</subfield>
    <subfield code="7">0</subfield>
    <subfield code="a">BCEJYS</subfield>
    <subfield code="b">BCEJYS</subfield>
    <subfield code="c">17</subfield>
    <subfield code="d">1978-07-01</subfield>
    <subfield code="h">N&#xBA; 209 - jul./ago. 1978</subfield>
    <subfield code="l">0</subfield>
    <subfield code="o">H001.8 INF 209</subfield>
    <subfield code="p">R13951</subfield>
    <subfield code="r">2026-04-10 16:08:46</subfield>
    <subfield code="w">2026-04-10</subfield>
    <subfield code="y">RN</subfield>
  </datafield>
  <datafield tag="952" ind1=" " ind2=" ">
    <subfield code="0">0</subfield>
    <subfield code="1">0</subfield>
    <subfield code="4">0</subfield>
    <subfield code="7">0</subfield>
    <subfield code="a">BCEJYS</subfield>
    <subfield code="b">BCEJYS</subfield>
    <subfield code="c">17</subfield>
    <subfield code="d">1978-05-01</subfield>
    <subfield code="h">N&#xBA; 208 - mayo/jun. 1978</subfield>
    <subfield code="l">0</subfield>
    <subfield code="o">H001.8 INF 208</subfield>
    <subfield code="p">R13950</subfield>
    <subfield code="r">2026-04-10 16:08:46</subfield>
    <subfield code="w">2026-04-10</subfield>
    <subfield code="y">RN</subfield>
  </datafield>
  <datafield tag="952" ind1=" " ind2=" ">
    <subfield code="0">0</subfield>
    <subfield code="1">0</subfield>
    <subfield code="4">0</subfield>
    <subfield code="7">0</subfield>
    <subfield code="a">BCEJYS</subfield>
    <subfield code="b">BCEJYS</subfield>
    <subfield code="c">17</subfield>
    <subfield code="d">1978-03-01</subfield>
    <subfield code="h">N&#xBA; 207 - mar./abr. 1978</subfield>
    <subfield code="l">0</subfield>
    <subfield code="o">H001.8 INF 207</subfield>
    <subfield code="p">R13949</subfield>
    <subfield code="r">2026-04-10 16:08:46</subfield>
    <subfield code="w">2026-04-10</subfield>
    <subfield code="y">RN</subfield>
  </datafield>
  <datafield tag="952" ind1=" " ind2=" ">
    <subfield code="0">0</subfield>
    <subfield code="1">0</subfield>
    <subfield code="4">0</subfield>
    <subfield code="7">0</subfield>
    <subfield code="a">BCEJYS</subfield>
    <subfield code="b">BCEJYS</subfield>
    <subfield code="c">17</subfield>
    <subfield code="d">1978-01-01</subfield>
    <subfield code="h">N&#xBA; 206 - ene./feb. 1978</subfield>
    <subfield code="l">0</subfield>
    <subfield code="o">H001.8 INF 206</subfield>
    <subfield code="p">R13948</subfield>
    <subfield code="r">2026-04-10 16:08:47</subfield>
    <subfield code="w">2026-04-10</subfield>
    <subfield code="y">RN</subfield>
  </datafield>
  <datafield tag="952" ind1=" " ind2=" ">
    <subfield code="0">0</subfield>
    <subfield code="1">0</subfield>
    <subfield code="4">0</subfield>
    <subfield code="7">0</subfield>
    <subfield code="a">BCEJYS</subfield>
    <subfield code="b">BCEJYS</subfield>
    <subfield code="c">17</subfield>
    <subfield code="d">1977-12-01</subfield>
    <subfield code="h">N&#xBA; 205 - dic. 1977</subfield>
    <subfield code="l">0</subfield>
    <subfield code="o">H001.8 INF 205</subfield>
    <subfield code="p">R13947</subfield>
    <subfield code="r">2026-04-10 16:08:47</subfield>
    <subfield code="w">2026-04-10</subfield>
    <subfield code="y">RN</subfield>
  </datafield>
  <datafield tag="952" ind1=" " ind2=" ">
    <subfield code="0">0</subfield>
    <subfield code="1">0</subfield>
    <subfield code="4">0</subfield>
    <subfield code="7">0</subfield>
    <subfield code="a">BCEJYS</subfield>
    <subfield code="b">BCEJYS</subfield>
    <subfield code="c">17</subfield>
    <subfield code="d">1977-10-01</subfield>
    <subfield code="h">N&#xBA; 204 - oct./nov. 1977</subfield>
    <subfield code="l">0</subfield>
    <subfield code="o">H001.8 INF 204</subfield>
    <subfield code="p">R13946</subfield>
    <subfield code="r">2026-04-10 16:08:47</subfield>
    <subfield code="w">2026-04-10</subfield>
    <subfield code="y">RN</subfield>
  </datafield>
  <datafield tag="952" ind1=" " ind2=" ">
    <subfield code="0">0</subfield>
    <subfield code="1">0</subfield>
    <subfield code="4">0</subfield>
    <subfield code="7">0</subfield>
    <subfield code="a">BCEJYS</subfield>
    <subfield code="b">BCEJYS</subfield>
    <subfield code="c">17</subfield>
    <subfield code="d">1977-08-01</subfield>
    <subfield code="h">N&#xBA; 203 - ago./sep. 1977</subfield>
    <subfield code="l">0</subfield>
    <subfield code="o">H001.8 INF 203</subfield>
    <subfield code="p">R13945</subfield>
    <subfield code="r">2026-04-10 16:08:47</subfield>
    <subfield code="w">2026-04-10</subfield>
    <subfield code="y">RN</subfield>
  </datafield>
  <datafield tag="952" ind1=" " ind2=" ">
    <subfield code="0">0</subfield>
    <subfield code="1">0</subfield>
    <subfield code="4">0</subfield>
    <subfield code="7">0</subfield>
    <subfield code="a">BCEJYS</subfield>
    <subfield code="b">BCEJYS</subfield>
    <subfield code="c">17</subfield>
    <subfield code="d">1977-06-01</subfield>
    <subfield code="h">N&#xBA; 202 - jun./jul. 1977</subfield>
    <subfield code="l">0</subfield>
    <subfield code="o">H001.8 INF 202</subfield>
    <subfield code="p">R13944</subfield>
    <subfield code="r">2026-04-10 16:08:47</subfield>
    <subfield code="w">2026-04-10</subfield>
    <subfield code="y">RN</subfield>
  </datafield>
  <datafield tag="952" ind1=" " ind2=" ">
    <subfield code="0">0</subfield>
    <subfield code="1">0</subfield>
    <subfield code="4">0</subfield>
    <subfield code="7">0</subfield>
    <subfield code="a">BCEJYS</subfield>
    <subfield code="b">BCEJYS</subfield>
    <subfield code="c">17</subfield>
    <subfield code="d">1977-04-01</subfield>
    <subfield code="h">N&#xBA; 201 - abr./mayo 1977</subfield>
    <subfield code="l">0</subfield>
    <subfield code="o">H001.8 INF 201</subfield>
    <subfield code="p">R13943</subfield>
    <subfield code="r">2026-04-10 16:08:47</subfield>
    <subfield code="w">2026-04-10</subfield>
    <subfield code="y">RN</subfield>
  </datafield>
  <datafield tag="952" ind1=" " ind2=" ">
    <subfield code="0">0</subfield>
    <subfield code="1">0</subfield>
    <subfield code="4">0</subfield>
    <subfield code="7">0</subfield>
    <subfield code="a">BCEJYS</subfield>
    <subfield code="b">BCEJYS</subfield>
    <subfield code="c">17</subfield>
    <subfield code="d">1977-03-01</subfield>
    <subfield code="h">N&#xBA; 200 - mar. 1977</subfield>
    <subfield code="l">0</subfield>
    <subfield code="o">H001.8 INF 200</subfield>
    <subfield code="p">R13942</subfield>
    <subfield code="r">2026-04-10 16:08:47</subfield>
    <subfield code="w">2026-04-10</subfield>
    <subfield code="y">RN</subfield>
  </datafield>
  <datafield tag="952" ind1=" " ind2=" ">
    <subfield code="0">0</subfield>
    <subfield code="1">0</subfield>
    <subfield code="4">0</subfield>
    <subfield code="7">0</subfield>
    <subfield code="a">BCEJYS</subfield>
    <subfield code="b">BCEJYS</subfield>
    <subfield code="c">17</subfield>
    <subfield code="d">1976-12-01</subfield>
    <subfield code="h">N&#xBA; 198 - dic. 1976</subfield>
    <subfield code="l">0</subfield>
    <subfield code="o">H001.8 INF 198</subfield>
    <subfield code="p">R13941</subfield>
    <subfield code="r">2026-04-10 16:08:47</subfield>
    <subfield code="w">2026-04-10</subfield>
    <subfield code="y">RN</subfield>
  </datafield>
  <datafield tag="952" ind1=" " ind2=" ">
    <subfield code="0">0</subfield>
    <subfield code="1">0</subfield>
    <subfield code="4">0</subfield>
    <subfield code="7">0</subfield>
    <subfield code="a">BCEJYS</subfield>
    <subfield code="b">BCEJYS</subfield>
    <subfield code="c">17</subfield>
    <subfield code="d">1976-11-01</subfield>
    <subfield code="h">N&#xBA; 197 - nov. 1976</subfield>
    <subfield code="l">0</subfield>
    <subfield code="o">H001.8 INF 197</subfield>
    <subfield code="p">R13940</subfield>
    <subfield code="r">2026-04-10 16:08:47</subfield>
    <subfield code="w">2026-04-10</subfield>
    <subfield code="y">RN</subfield>
  </datafield>
  <datafield tag="952" ind1=" " ind2=" ">
    <subfield code="0">0</subfield>
    <subfield code="1">0</subfield>
    <subfield code="4">0</subfield>
    <subfield code="7">0</subfield>
    <subfield code="a">BCEJYS</subfield>
    <subfield code="b">BCEJYS</subfield>
    <subfield code="c">17</subfield>
    <subfield code="d">1976-10-01</subfield>
    <subfield code="h">N&#xBA; 196 - oct. 1976</subfield>
    <subfield code="l">0</subfield>
    <subfield code="o">H001.8 INF 196</subfield>
    <subfield code="p">R13939</subfield>
    <subfield code="r">2026-04-10 16:08:47</subfield>
    <subfield code="w">2026-04-10</subfield>
    <subfield code="y">RN</subfield>
  </datafield>
  <datafield tag="952" ind1=" " ind2=" ">
    <subfield code="0">0</subfield>
    <subfield code="1">0</subfield>
    <subfield code="4">0</subfield>
    <subfield code="7">0</subfield>
    <subfield code="a">BCEJYS</subfield>
    <subfield code="b">BCEJYS</subfield>
    <subfield code="c">17</subfield>
    <subfield code="d">1976-08-01</subfield>
    <subfield code="h">N&#xBA; 195 - ago./sep. 1976</subfield>
    <subfield code="l">0</subfield>
    <subfield code="o">H001.8 INF 195</subfield>
    <subfield code="p">R13938</subfield>
    <subfield code="r">2026-04-10 16:08:47</subfield>
    <subfield code="w">2026-04-10</subfield>
    <subfield code="y">RN</subfield>
  </datafield>
  <datafield tag="952" ind1=" " ind2=" ">
    <subfield code="0">0</subfield>
    <subfield code="1">0</subfield>
    <subfield code="4">0</subfield>
    <subfield code="7">0</subfield>
    <subfield code="a">BCEJYS</subfield>
    <subfield code="b">BCEJYS</subfield>
    <subfield code="c">17</subfield>
    <subfield code="d">1976-07-01</subfield>
    <subfield code="h">N&#xBA; 194 - jul. 1976</subfield>
    <subfield code="l">0</subfield>
    <subfield code="o">H001.8 INF 194</subfield>
    <subfield code="p">R13937</subfield>
    <subfield code="r">2026-04-10 16:08:47</subfield>
    <subfield code="w">2026-04-10</subfield>
    <subfield code="y">RN</subfield>
  </datafield>
  <datafield tag="952" ind1=" " ind2=" ">
    <subfield code="0">0</subfield>
    <subfield code="1">0</subfield>
    <subfield code="4">0</subfield>
    <subfield code="7">0</subfield>
    <subfield code="a">BCEJYS</subfield>
    <subfield code="b">BCEJYS</subfield>
    <subfield code="c">17</subfield>
    <subfield code="d">1976-06-01</subfield>
    <subfield code="h">N&#xBA; 193 - jun. 1976</subfield>
    <subfield code="l">0</subfield>
    <subfield code="o">H001.8 INF 193</subfield>
    <subfield code="p">R13934</subfield>
    <subfield code="r">2026-04-10 16:08:47</subfield>
    <subfield code="w">2026-04-10</subfield>
    <subfield code="y">RN</subfield>
  </datafield>
  <datafield tag="952" ind1=" " ind2=" ">
    <subfield code="0">0</subfield>
    <subfield code="1">0</subfield>
    <subfield code="4">0</subfield>
    <subfield code="7">0</subfield>
    <subfield code="a">BCEJYS</subfield>
    <subfield code="b">BCEJYS</subfield>
    <subfield code="c">17</subfield>
    <subfield code="d">1976-05-01</subfield>
    <subfield code="h">N&#xBA; 192 - mayo 1976</subfield>
    <subfield code="l">0</subfield>
    <subfield code="o">H001.8 INF 192</subfield>
    <subfield code="p">R13933</subfield>
    <subfield code="r">2026-04-10 16:08:47</subfield>
    <subfield code="w">2026-04-10</subfield>
    <subfield code="y">RN</subfield>
  </datafield>
  <datafield tag="952" ind1=" " ind2=" ">
    <subfield code="0">0</subfield>
    <subfield code="1">0</subfield>
    <subfield code="4">0</subfield>
    <subfield code="7">0</subfield>
    <subfield code="a">BCEJYS</subfield>
    <subfield code="b">BCEJYS</subfield>
    <subfield code="c">17</subfield>
    <subfield code="d">1976-04-01</subfield>
    <subfield code="h">N&#xBA; 191 - abr. 1976</subfield>
    <subfield code="l">0</subfield>
    <subfield code="o">H001.8 INF 191</subfield>
    <subfield code="p">R13932</subfield>
    <subfield code="r">2026-04-10 16:08:47</subfield>
    <subfield code="w">2026-04-10</subfield>
    <subfield code="y">RN</subfield>
  </datafield>
  <datafield tag="952" ind1=" " ind2=" ">
    <subfield code="0">0</subfield>
    <subfield code="1">0</subfield>
    <subfield code="4">0</subfield>
    <subfield code="7">0</subfield>
    <subfield code="a">BCEJYS</subfield>
    <subfield code="b">BCEJYS</subfield>
    <subfield code="c">17</subfield>
    <subfield code="d">1976-03-01</subfield>
    <subfield code="h">N&#xBA; 190 - mar. 1976</subfield>
    <subfield code="l">0</subfield>
    <subfield code="o">H001.8 INF 190</subfield>
    <subfield code="p">R13931</subfield>
    <subfield code="r">2026-04-10 16:08:47</subfield>
    <subfield code="w">2026-04-10</subfield>
    <subfield code="y">RN</subfield>
  </datafield>
  <datafield tag="952" ind1=" " ind2=" ">
    <subfield code="0">0</subfield>
    <subfield code="1">0</subfield>
    <subfield code="4">0</subfield>
    <subfield code="7">0</subfield>
    <subfield code="a">BCEJYS</subfield>
    <subfield code="b">BCEJYS</subfield>
    <subfield code="c">17</subfield>
    <subfield code="d">1976-01-01</subfield>
    <subfield code="h">N&#xBA; 189 - ene./feb. 1976</subfield>
    <subfield code="l">0</subfield>
    <subfield code="o">H001.8 INF 189</subfield>
    <subfield code="p">R13930</subfield>
    <subfield code="r">2026-04-10 16:08:47</subfield>
    <subfield code="w">2026-04-10</subfield>
    <subfield code="y">RN</subfield>
  </datafield>
  <datafield tag="952" ind1=" " ind2=" ">
    <subfield code="0">0</subfield>
    <subfield code="1">0</subfield>
    <subfield code="4">0</subfield>
    <subfield code="7">0</subfield>
    <subfield code="a">BCEJYS</subfield>
    <subfield code="b">BCEJYS</subfield>
    <subfield code="c">17</subfield>
    <subfield code="d">1975-12-01</subfield>
    <subfield code="h">N&#xBA; 188 - dic. 1975</subfield>
    <subfield code="l">0</subfield>
    <subfield code="o">H001.8 INF 188</subfield>
    <subfield code="p">R13929</subfield>
    <subfield code="r">2026-04-10 16:08:47</subfield>
    <subfield code="w">2026-04-10</subfield>
    <subfield code="y">RN</subfield>
  </datafield>
  <datafield tag="952" ind1=" " ind2=" ">
    <subfield code="0">0</subfield>
    <subfield code="1">0</subfield>
    <subfield code="4">0</subfield>
    <subfield code="7">0</subfield>
    <subfield code="a">BCEJYS</subfield>
    <subfield code="b">BCEJYS</subfield>
    <subfield code="c">17</subfield>
    <subfield code="d">1975-11-01</subfield>
    <subfield code="h">N&#xBA; 187 - nov. 1975</subfield>
    <subfield code="l">0</subfield>
    <subfield code="o">H001.8 INF 187</subfield>
    <subfield code="p">R13928</subfield>
    <subfield code="r">2026-04-10 16:08:47</subfield>
    <subfield code="w">2026-04-10</subfield>
    <subfield code="y">RN</subfield>
  </datafield>
  <datafield tag="952" ind1=" " ind2=" ">
    <subfield code="0">0</subfield>
    <subfield code="1">0</subfield>
    <subfield code="4">0</subfield>
    <subfield code="7">0</subfield>
    <subfield code="a">BCEJYS</subfield>
    <subfield code="b">BCEJYS</subfield>
    <subfield code="c">17</subfield>
    <subfield code="d">1975-10-01</subfield>
    <subfield code="h">N&#xBA; 186 - oct. 1975</subfield>
    <subfield code="l">0</subfield>
    <subfield code="o">H001.8 INF 186</subfield>
    <subfield code="p">R13927</subfield>
    <subfield code="r">2026-04-10 16:08:47</subfield>
    <subfield code="w">2026-04-10</subfield>
    <subfield code="y">RN</subfield>
  </datafield>
  <datafield tag="952" ind1=" " ind2=" ">
    <subfield code="0">0</subfield>
    <subfield code="1">0</subfield>
    <subfield code="4">0</subfield>
    <subfield code="7">0</subfield>
    <subfield code="a">BCEJYS</subfield>
    <subfield code="b">BCEJYS</subfield>
    <subfield code="c">17</subfield>
    <subfield code="d">1975-09-01</subfield>
    <subfield code="h">N&#xBA; 185 - sep. 1975</subfield>
    <subfield code="l">0</subfield>
    <subfield code="o">H001.8 INF 185</subfield>
    <subfield code="p">R13926</subfield>
    <subfield code="r">2026-04-10 16:08:47</subfield>
    <subfield code="w">2026-04-10</subfield>
    <subfield code="y">RN</subfield>
  </datafield>
  <datafield tag="952" ind1=" " ind2=" ">
    <subfield code="0">0</subfield>
    <subfield code="1">0</subfield>
    <subfield code="4">0</subfield>
    <subfield code="7">0</subfield>
    <subfield code="a">BCEJYS</subfield>
    <subfield code="b">BCEJYS</subfield>
    <subfield code="c">17</subfield>
    <subfield code="d">1975-08-01</subfield>
    <subfield code="h">N&#xBA; 184 - ago. 1975</subfield>
    <subfield code="l">0</subfield>
    <subfield code="o">H001.8 INF 184</subfield>
    <subfield code="p">R13925</subfield>
    <subfield code="r">2026-04-10 16:08:47</subfield>
    <subfield code="w">2026-04-10</subfield>
    <subfield code="y">RN</subfield>
  </datafield>
  <datafield tag="952" ind1=" " ind2=" ">
    <subfield code="0">0</subfield>
    <subfield code="1">0</subfield>
    <subfield code="4">0</subfield>
    <subfield code="7">0</subfield>
    <subfield code="a">BCEJYS</subfield>
    <subfield code="b">BCEJYS</subfield>
    <subfield code="c">17</subfield>
    <subfield code="d">1975-07-01</subfield>
    <subfield code="h">N&#xBA; 183 - jul. 1975</subfield>
    <subfield code="l">0</subfield>
    <subfield code="o">H001.8 INF 183</subfield>
    <subfield code="p">R13924</subfield>
    <subfield code="r">2026-04-10 16:08:47</subfield>
    <subfield code="w">2026-04-10</subfield>
    <subfield code="y">RN</subfield>
  </datafield>
  <datafield tag="952" ind1=" " ind2=" ">
    <subfield code="0">0</subfield>
    <subfield code="1">0</subfield>
    <subfield code="4">0</subfield>
    <subfield code="7">0</subfield>
    <subfield code="a">BCEJYS</subfield>
    <subfield code="b">BCEJYS</subfield>
    <subfield code="c">17</subfield>
    <subfield code="d">1975-06-01</subfield>
    <subfield code="h">N&#xBA; 182 - jun. 1975</subfield>
    <subfield code="l">0</subfield>
    <subfield code="o">H001.8 INF 182</subfield>
    <subfield code="p">R13923</subfield>
    <subfield code="r">2026-04-10 16:08:47</subfield>
    <subfield code="w">2026-04-10</subfield>
    <subfield code="y">RN</subfield>
  </datafield>
  <datafield tag="952" ind1=" " ind2=" ">
    <subfield code="0">0</subfield>
    <subfield code="1">0</subfield>
    <subfield code="4">0</subfield>
    <subfield code="7">0</subfield>
    <subfield code="a">BCEJYS</subfield>
    <subfield code="b">BCEJYS</subfield>
    <subfield code="c">17</subfield>
    <subfield code="d">1975-05-01</subfield>
    <subfield code="h">N&#xBA; 137 - mayo 1971</subfield>
    <subfield code="l">0</subfield>
    <subfield code="o">H001.8 INF 137</subfield>
    <subfield code="p">R13979</subfield>
    <subfield code="r">2026-04-10 16:08:47</subfield>
    <subfield code="w">2026-04-10</subfield>
    <subfield code="y">RN</subfield>
  </datafield>
  <datafield tag="952" ind1=" " ind2=" ">
    <subfield code="0">0</subfield>
    <subfield code="1">0</subfield>
    <subfield code="4">0</subfield>
    <subfield code="7">0</subfield>
    <subfield code="a">BCEJYS</subfield>
    <subfield code="b">BCEJYS</subfield>
    <subfield code="c">17</subfield>
    <subfield code="d">1975-05-01</subfield>
    <subfield code="h">N&#xBA; 181 - mayo 1975</subfield>
    <subfield code="l">0</subfield>
    <subfield code="o">H001.8 INF 181</subfield>
    <subfield code="p">R13922</subfield>
    <subfield code="r">2026-04-10 16:08:47</subfield>
    <subfield code="w">2026-04-10</subfield>
    <subfield code="y">RN</subfield>
  </datafield>
  <datafield tag="952" ind1=" " ind2=" ">
    <subfield code="0">0</subfield>
    <subfield code="1">0</subfield>
    <subfield code="4">0</subfield>
    <subfield code="7">0</subfield>
    <subfield code="a">BCEJYS</subfield>
    <subfield code="b">BCEJYS</subfield>
    <subfield code="c">17</subfield>
    <subfield code="d">1975-04-01</subfield>
    <subfield code="h">N&#xBA; 180 - abr. 1975</subfield>
    <subfield code="l">0</subfield>
    <subfield code="o">H001.8 INF 180</subfield>
    <subfield code="p">R13921</subfield>
    <subfield code="r">2026-04-10 16:08:47</subfield>
    <subfield code="w">2026-04-10</subfield>
    <subfield code="y">RN</subfield>
  </datafield>
  <datafield tag="952" ind1=" " ind2=" ">
    <subfield code="0">0</subfield>
    <subfield code="1">0</subfield>
    <subfield code="4">0</subfield>
    <subfield code="7">0</subfield>
    <subfield code="a">BCEJYS</subfield>
    <subfield code="b">BCEJYS</subfield>
    <subfield code="c">17</subfield>
    <subfield code="d">1975-03-01</subfield>
    <subfield code="h">N&#xBA; 179 - mar. 1975</subfield>
    <subfield code="l">0</subfield>
    <subfield code="o">H001.8 INF 179</subfield>
    <subfield code="p">R13920</subfield>
    <subfield code="r">2026-04-10 16:08:47</subfield>
    <subfield code="w">2026-04-10</subfield>
    <subfield code="y">RN</subfield>
  </datafield>
  <datafield tag="952" ind1=" " ind2=" ">
    <subfield code="0">0</subfield>
    <subfield code="1">0</subfield>
    <subfield code="4">0</subfield>
    <subfield code="7">0</subfield>
    <subfield code="a">BCEJYS</subfield>
    <subfield code="b">BCEJYS</subfield>
    <subfield code="c">17</subfield>
    <subfield code="d">1975-01-01</subfield>
    <subfield code="h">N&#xBA; 178 - ene./feb. 1975</subfield>
    <subfield code="l">0</subfield>
    <subfield code="o">H001.8 INF 178</subfield>
    <subfield code="p">R13919</subfield>
    <subfield code="r">2026-04-10 16:08:47</subfield>
    <subfield code="w">2026-04-10</subfield>
    <subfield code="y">RN</subfield>
  </datafield>
  <datafield tag="952" ind1=" " ind2=" ">
    <subfield code="0">0</subfield>
    <subfield code="1">0</subfield>
    <subfield code="4">0</subfield>
    <subfield code="7">0</subfield>
    <subfield code="a">BCEJYS</subfield>
    <subfield code="b">BCEJYS</subfield>
    <subfield code="c">17</subfield>
    <subfield code="d">1974-12-01</subfield>
    <subfield code="h">N&#xBA; 177 - dic. 1974</subfield>
    <subfield code="l">0</subfield>
    <subfield code="o">H001.8 INF 177</subfield>
    <subfield code="p">R13918</subfield>
    <subfield code="r">2026-04-10 16:08:47</subfield>
    <subfield code="w">2026-04-10</subfield>
    <subfield code="y">RN</subfield>
  </datafield>
  <datafield tag="952" ind1=" " ind2=" ">
    <subfield code="0">0</subfield>
    <subfield code="1">0</subfield>
    <subfield code="4">0</subfield>
    <subfield code="7">0</subfield>
    <subfield code="a">BCEJYS</subfield>
    <subfield code="b">BCEJYS</subfield>
    <subfield code="c">17</subfield>
    <subfield code="d">1974-11-01</subfield>
    <subfield code="h">N&#xBA; 176 - nov. 1974</subfield>
    <subfield code="l">0</subfield>
    <subfield code="o">H001.8 INF 176</subfield>
    <subfield code="p">R13917</subfield>
    <subfield code="r">2026-04-10 16:08:47</subfield>
    <subfield code="w">2026-04-10</subfield>
    <subfield code="y">RN</subfield>
  </datafield>
  <datafield tag="952" ind1=" " ind2=" ">
    <subfield code="0">0</subfield>
    <subfield code="1">0</subfield>
    <subfield code="4">0</subfield>
    <subfield code="7">0</subfield>
    <subfield code="a">BCEJYS</subfield>
    <subfield code="b">BCEJYS</subfield>
    <subfield code="c">17</subfield>
    <subfield code="d">1974-10-01</subfield>
    <subfield code="h">N&#xBA; 175 - oct. 1974</subfield>
    <subfield code="l">0</subfield>
    <subfield code="o">H001.8 INF 175</subfield>
    <subfield code="p">R13916</subfield>
    <subfield code="r">2026-04-10 16:08:47</subfield>
    <subfield code="w">2026-04-10</subfield>
    <subfield code="y">RN</subfield>
  </datafield>
  <datafield tag="952" ind1=" " ind2=" ">
    <subfield code="0">0</subfield>
    <subfield code="1">0</subfield>
    <subfield code="4">0</subfield>
    <subfield code="7">0</subfield>
    <subfield code="a">BCEJYS</subfield>
    <subfield code="b">BCEJYS</subfield>
    <subfield code="c">17</subfield>
    <subfield code="d">1974-09-01</subfield>
    <subfield code="h">N&#xBA; 174 - sep. 1974</subfield>
    <subfield code="l">0</subfield>
    <subfield code="o">H001.8 INF 174</subfield>
    <subfield code="p">R13915</subfield>
    <subfield code="r">2026-04-10 16:08:47</subfield>
    <subfield code="w">2026-04-10</subfield>
    <subfield code="y">RN</subfield>
  </datafield>
  <datafield tag="952" ind1=" " ind2=" ">
    <subfield code="0">0</subfield>
    <subfield code="1">0</subfield>
    <subfield code="4">0</subfield>
    <subfield code="7">0</subfield>
    <subfield code="a">BCEJYS</subfield>
    <subfield code="b">BCEJYS</subfield>
    <subfield code="c">17</subfield>
    <subfield code="d">1974-08-01</subfield>
    <subfield code="h">N&#xBA; 173 - ago. 1974</subfield>
    <subfield code="l">0</subfield>
    <subfield code="o">H001.8 INF 173</subfield>
    <subfield code="p">R13914</subfield>
    <subfield code="r">2026-04-10 16:08:47</subfield>
    <subfield code="w">2026-04-10</subfield>
    <subfield code="y">RN</subfield>
  </datafield>
  <datafield tag="952" ind1=" " ind2=" ">
    <subfield code="0">0</subfield>
    <subfield code="1">0</subfield>
    <subfield code="4">0</subfield>
    <subfield code="7">0</subfield>
    <subfield code="a">BCEJYS</subfield>
    <subfield code="b">BCEJYS</subfield>
    <subfield code="c">17</subfield>
    <subfield code="d">1974-06-01</subfield>
    <subfield code="h">N&#xBA; 171 - jun. 1974</subfield>
    <subfield code="l">0</subfield>
    <subfield code="o">H001.8 INF 171</subfield>
    <subfield code="p">R13913</subfield>
    <subfield code="r">2026-04-10 16:08:47</subfield>
    <subfield code="w">2026-04-10</subfield>
    <subfield code="y">RN</subfield>
  </datafield>
  <datafield tag="952" ind1=" " ind2=" ">
    <subfield code="0">0</subfield>
    <subfield code="1">0</subfield>
    <subfield code="4">0</subfield>
    <subfield code="7">0</subfield>
    <subfield code="a">BCEJYS</subfield>
    <subfield code="b">BCEJYS</subfield>
    <subfield code="c">17</subfield>
    <subfield code="d">1974-05-01</subfield>
    <subfield code="h">N&#xBA; 170 - mayo 1974</subfield>
    <subfield code="l">0</subfield>
    <subfield code="o">H001.8 INF 170</subfield>
    <subfield code="p">R13912</subfield>
    <subfield code="r">2026-04-10 16:08:47</subfield>
    <subfield code="w">2026-04-10</subfield>
    <subfield code="y">RN</subfield>
  </datafield>
  <datafield tag="952" ind1=" " ind2=" ">
    <subfield code="0">0</subfield>
    <subfield code="1">0</subfield>
    <subfield code="4">0</subfield>
    <subfield code="7">0</subfield>
    <subfield code="a">BCEJYS</subfield>
    <subfield code="b">BCEJYS</subfield>
    <subfield code="c">17</subfield>
    <subfield code="d">1974-04-01</subfield>
    <subfield code="h">N&#xBA; 169 - abr. 1974</subfield>
    <subfield code="l">0</subfield>
    <subfield code="o">H001.8 INF 169</subfield>
    <subfield code="p">R13911</subfield>
    <subfield code="r">2026-04-10 16:08:47</subfield>
    <subfield code="w">2026-04-10</subfield>
    <subfield code="y">RN</subfield>
  </datafield>
  <datafield tag="952" ind1=" " ind2=" ">
    <subfield code="0">0</subfield>
    <subfield code="1">0</subfield>
    <subfield code="4">0</subfield>
    <subfield code="7">0</subfield>
    <subfield code="a">BCEJYS</subfield>
    <subfield code="b">BCEJYS</subfield>
    <subfield code="c">17</subfield>
    <subfield code="d">1974-03-01</subfield>
    <subfield code="h">N&#xBA; 168 - mar. 1974</subfield>
    <subfield code="l">0</subfield>
    <subfield code="o">H001.8 INF 168</subfield>
    <subfield code="p">R13910</subfield>
    <subfield code="r">2026-04-10 16:08:47</subfield>
    <subfield code="w">2026-04-10</subfield>
    <subfield code="y">RN</subfield>
  </datafield>
  <datafield tag="952" ind1=" " ind2=" ">
    <subfield code="0">0</subfield>
    <subfield code="1">0</subfield>
    <subfield code="4">0</subfield>
    <subfield code="7">0</subfield>
    <subfield code="a">BCEJYS</subfield>
    <subfield code="b">BCEJYS</subfield>
    <subfield code="c">17</subfield>
    <subfield code="d">1974-01-01</subfield>
    <subfield code="h">N&#xBA; 166 - ene./feb. 1974</subfield>
    <subfield code="l">0</subfield>
    <subfield code="o">H001.8 INF 166</subfield>
    <subfield code="p">R13909</subfield>
    <subfield code="r">2026-04-10 16:08:47</subfield>
    <subfield code="w">2026-04-10</subfield>
    <subfield code="y">RN</subfield>
  </datafield>
  <datafield tag="952" ind1=" " ind2=" ">
    <subfield code="0">0</subfield>
    <subfield code="1">0</subfield>
    <subfield code="4">0</subfield>
    <subfield code="7">0</subfield>
    <subfield code="a">BCEJYS</subfield>
    <subfield code="b">BCEJYS</subfield>
    <subfield code="c">17</subfield>
    <subfield code="d">1973-12-01</subfield>
    <subfield code="h">N&#xBA; 165 - dic. 1973</subfield>
    <subfield code="l">0</subfield>
    <subfield code="o">H001.8 INF 165</subfield>
    <subfield code="p">R13908</subfield>
    <subfield code="r">2026-04-10 16:08:47</subfield>
    <subfield code="w">2026-04-10</subfield>
    <subfield code="y">RN</subfield>
  </datafield>
  <datafield tag="952" ind1=" " ind2=" ">
    <subfield code="0">0</subfield>
    <subfield code="1">0</subfield>
    <subfield code="4">0</subfield>
    <subfield code="7">0</subfield>
    <subfield code="a">BCEJYS</subfield>
    <subfield code="b">BCEJYS</subfield>
    <subfield code="c">17</subfield>
    <subfield code="d">1973-11-01</subfield>
    <subfield code="h">N&#xBA; 164 - nov. 1973</subfield>
    <subfield code="l">0</subfield>
    <subfield code="o">H001.8 INF 164</subfield>
    <subfield code="p">R13907</subfield>
    <subfield code="r">2026-04-10 16:08:47</subfield>
    <subfield code="w">2026-04-10</subfield>
    <subfield code="y">RN</subfield>
  </datafield>
  <datafield tag="952" ind1=" " ind2=" ">
    <subfield code="0">0</subfield>
    <subfield code="1">0</subfield>
    <subfield code="4">0</subfield>
    <subfield code="7">0</subfield>
    <subfield code="a">BCEJYS</subfield>
    <subfield code="b">BCEJYS</subfield>
    <subfield code="c">17</subfield>
    <subfield code="d">1973-10-01</subfield>
    <subfield code="h">N&#xBA; 163 - oct. 1973</subfield>
    <subfield code="l">0</subfield>
    <subfield code="o">H001.8 INF 163</subfield>
    <subfield code="p">R13906</subfield>
    <subfield code="r">2026-04-10 16:08:47</subfield>
    <subfield code="w">2026-04-10</subfield>
    <subfield code="y">RN</subfield>
  </datafield>
  <datafield tag="952" ind1=" " ind2=" ">
    <subfield code="0">0</subfield>
    <subfield code="1">0</subfield>
    <subfield code="4">0</subfield>
    <subfield code="7">0</subfield>
    <subfield code="a">BCEJYS</subfield>
    <subfield code="b">BCEJYS</subfield>
    <subfield code="c">17</subfield>
    <subfield code="d">1973-09-01</subfield>
    <subfield code="h">N&#xBA; 162 - sep. 1973</subfield>
    <subfield code="l">0</subfield>
    <subfield code="o">H001.8 INF 162</subfield>
    <subfield code="p">R13905</subfield>
    <subfield code="r">2026-04-10 16:08:47</subfield>
    <subfield code="w">2026-04-10</subfield>
    <subfield code="y">RN</subfield>
  </datafield>
  <datafield tag="952" ind1=" " ind2=" ">
    <subfield code="0">0</subfield>
    <subfield code="1">0</subfield>
    <subfield code="4">0</subfield>
    <subfield code="7">0</subfield>
    <subfield code="a">BCEJYS</subfield>
    <subfield code="b">BCEJYS</subfield>
    <subfield code="c">17</subfield>
    <subfield code="d">1973-08-01</subfield>
    <subfield code="h">N&#xBA; 161 - ago. 1973</subfield>
    <subfield code="l">0</subfield>
    <subfield code="o">H001.8 INF 161</subfield>
    <subfield code="p">R13904</subfield>
    <subfield code="r">2026-04-10 16:08:47</subfield>
    <subfield code="w">2026-04-10</subfield>
    <subfield code="y">RN</subfield>
  </datafield>
  <datafield tag="952" ind1=" " ind2=" ">
    <subfield code="0">0</subfield>
    <subfield code="1">0</subfield>
    <subfield code="4">0</subfield>
    <subfield code="7">0</subfield>
    <subfield code="a">BCEJYS</subfield>
    <subfield code="b">BCEJYS</subfield>
    <subfield code="c">17</subfield>
    <subfield code="d">1973-06-01</subfield>
    <subfield code="h">N&#xBA; 160 - jun./jul. 1973</subfield>
    <subfield code="l">0</subfield>
    <subfield code="o">H001.8 INF 160</subfield>
    <subfield code="p">R13861</subfield>
    <subfield code="r">2026-04-10 16:08:47</subfield>
    <subfield code="w">2026-04-10</subfield>
    <subfield code="y">RN</subfield>
  </datafield>
  <datafield tag="952" ind1=" " ind2=" ">
    <subfield code="0">0</subfield>
    <subfield code="1">0</subfield>
    <subfield code="4">0</subfield>
    <subfield code="7">0</subfield>
    <subfield code="a">BCEJYS</subfield>
    <subfield code="b">BCEJYS</subfield>
    <subfield code="c">17</subfield>
    <subfield code="d">1973-05-01</subfield>
    <subfield code="h">N&#xBA; 159 - mayo 1973</subfield>
    <subfield code="l">0</subfield>
    <subfield code="o">H001.8 INF 159</subfield>
    <subfield code="p">R01006</subfield>
    <subfield code="r">2026-04-10 16:08:47</subfield>
    <subfield code="w">2026-04-10</subfield>
    <subfield code="y">RN</subfield>
  </datafield>
  <datafield tag="952" ind1=" " ind2=" ">
    <subfield code="0">0</subfield>
    <subfield code="1">0</subfield>
    <subfield code="4">0</subfield>
    <subfield code="7">0</subfield>
    <subfield code="a">BCEJYS</subfield>
    <subfield code="b">BCEJYS</subfield>
    <subfield code="c">17</subfield>
    <subfield code="d">1973-04-01</subfield>
    <subfield code="h">N&#xBA; 158 - abr. 1973</subfield>
    <subfield code="l">0</subfield>
    <subfield code="o">H001.8 INF 158</subfield>
    <subfield code="p">R13990</subfield>
    <subfield code="r">2026-04-10 16:08:47</subfield>
    <subfield code="w">2026-04-10</subfield>
    <subfield code="y">RN</subfield>
  </datafield>
  <datafield tag="952" ind1=" " ind2=" ">
    <subfield code="0">0</subfield>
    <subfield code="1">0</subfield>
    <subfield code="4">0</subfield>
    <subfield code="7">0</subfield>
    <subfield code="a">BCEJYS</subfield>
    <subfield code="b">BCEJYS</subfield>
    <subfield code="c">17</subfield>
    <subfield code="d">1973-03-01</subfield>
    <subfield code="h">N&#xBA; 157 - mar. 1973</subfield>
    <subfield code="l">0</subfield>
    <subfield code="o">H001.8 INF 157</subfield>
    <subfield code="p">R15217</subfield>
    <subfield code="r">2026-04-10 16:08:47</subfield>
    <subfield code="w">2026-04-10</subfield>
    <subfield code="y">RN</subfield>
  </datafield>
  <datafield tag="952" ind1=" " ind2=" ">
    <subfield code="0">0</subfield>
    <subfield code="1">0</subfield>
    <subfield code="4">0</subfield>
    <subfield code="7">0</subfield>
    <subfield code="a">BCEJYS</subfield>
    <subfield code="b">BCEJYS</subfield>
    <subfield code="c">17</subfield>
    <subfield code="d">1973-01-01</subfield>
    <subfield code="h">N&#xBA; 156 - ene./feb. 1973</subfield>
    <subfield code="l">0</subfield>
    <subfield code="o">H001.8 INF 156</subfield>
    <subfield code="p">R14025</subfield>
    <subfield code="r">2026-04-10 16:08:47</subfield>
    <subfield code="w">2026-04-10</subfield>
    <subfield code="y">RN</subfield>
  </datafield>
  <datafield tag="952" ind1=" " ind2=" ">
    <subfield code="0">0</subfield>
    <subfield code="1">0</subfield>
    <subfield code="4">0</subfield>
    <subfield code="7">0</subfield>
    <subfield code="a">BCEJYS</subfield>
    <subfield code="b">BCEJYS</subfield>
    <subfield code="c">17</subfield>
    <subfield code="d">1972-12-01</subfield>
    <subfield code="h">N&#xBA; 155 - dic. 1972</subfield>
    <subfield code="l">0</subfield>
    <subfield code="o">H001.8 INF 155</subfield>
    <subfield code="p">R13989</subfield>
    <subfield code="r">2026-04-10 16:08:47</subfield>
    <subfield code="w">2026-04-10</subfield>
    <subfield code="y">RN</subfield>
  </datafield>
  <datafield tag="952" ind1=" " ind2=" ">
    <subfield code="0">0</subfield>
    <subfield code="1">0</subfield>
    <subfield code="4">0</subfield>
    <subfield code="7">0</subfield>
    <subfield code="a">BCEJYS</subfield>
    <subfield code="b">BCEJYS</subfield>
    <subfield code="c">17</subfield>
    <subfield code="d">1972-11-01</subfield>
    <subfield code="h">N&#xBA; 154 - nov. 1972</subfield>
    <subfield code="l">0</subfield>
    <subfield code="o">H001.8 INF 154</subfield>
    <subfield code="p">R13988</subfield>
    <subfield code="r">2026-04-10 16:08:47</subfield>
    <subfield code="w">2026-04-10</subfield>
    <subfield code="y">RN</subfield>
  </datafield>
  <datafield tag="952" ind1=" " ind2=" ">
    <subfield code="0">0</subfield>
    <subfield code="1">0</subfield>
    <subfield code="4">0</subfield>
    <subfield code="7">0</subfield>
    <subfield code="a">BCEJYS</subfield>
    <subfield code="b">BCEJYS</subfield>
    <subfield code="c">17</subfield>
    <subfield code="d">1972-10-01</subfield>
    <subfield code="h">N&#xBA; 153 - oct. 1972</subfield>
    <subfield code="l">0</subfield>
    <subfield code="o">H001.8 INF 153</subfield>
    <subfield code="p">R13987</subfield>
    <subfield code="r">2026-04-10 16:08:47</subfield>
    <subfield code="w">2026-04-10</subfield>
    <subfield code="y">RN</subfield>
  </datafield>
  <datafield tag="952" ind1=" " ind2=" ">
    <subfield code="0">0</subfield>
    <subfield code="1">0</subfield>
    <subfield code="4">0</subfield>
    <subfield code="7">0</subfield>
    <subfield code="a">BCEJYS</subfield>
    <subfield code="b">BCEJYS</subfield>
    <subfield code="c">17</subfield>
    <subfield code="d">1972-09-01</subfield>
    <subfield code="h">N&#xBA; 152 - sep. 1972</subfield>
    <subfield code="l">0</subfield>
    <subfield code="o">H001.8 INF 152</subfield>
    <subfield code="p">R13986</subfield>
    <subfield code="r">2026-04-10 16:08:47</subfield>
    <subfield code="w">2026-04-10</subfield>
    <subfield code="y">RN</subfield>
  </datafield>
  <datafield tag="952" ind1=" " ind2=" ">
    <subfield code="0">0</subfield>
    <subfield code="1">0</subfield>
    <subfield code="4">0</subfield>
    <subfield code="7">0</subfield>
    <subfield code="a">BCEJYS</subfield>
    <subfield code="b">BCEJYS</subfield>
    <subfield code="c">17</subfield>
    <subfield code="d">1972-08-01</subfield>
    <subfield code="h">N&#xBA; 151 - ago. 1972</subfield>
    <subfield code="l">0</subfield>
    <subfield code="o">H001.8 INF 151</subfield>
    <subfield code="p">R14574</subfield>
    <subfield code="r">2026-04-10 16:08:47</subfield>
    <subfield code="w">2026-04-10</subfield>
    <subfield code="y">RN</subfield>
  </datafield>
  <datafield tag="952" ind1=" " ind2=" ">
    <subfield code="0">0</subfield>
    <subfield code="1">0</subfield>
    <subfield code="4">0</subfield>
    <subfield code="7">0</subfield>
    <subfield code="a">BCEJYS</subfield>
    <subfield code="b">BCEJYS</subfield>
    <subfield code="c">17</subfield>
    <subfield code="d">1972-07-01</subfield>
    <subfield code="h">N&#xBA; 150 - jul. 1972</subfield>
    <subfield code="l">0</subfield>
    <subfield code="o">H001.8 INF 150</subfield>
    <subfield code="p">R14573</subfield>
    <subfield code="r">2026-04-10 16:08:47</subfield>
    <subfield code="w">2026-04-10</subfield>
    <subfield code="y">RN</subfield>
  </datafield>
  <datafield tag="952" ind1=" " ind2=" ">
    <subfield code="0">0</subfield>
    <subfield code="1">0</subfield>
    <subfield code="4">0</subfield>
    <subfield code="7">0</subfield>
    <subfield code="a">BCEJYS</subfield>
    <subfield code="b">BCEJYS</subfield>
    <subfield code="c">17</subfield>
    <subfield code="d">1972-06-01</subfield>
    <subfield code="h">N&#xBA; 149 - jun. 1972</subfield>
    <subfield code="l">0</subfield>
    <subfield code="o">H001.8 INF 149</subfield>
    <subfield code="p">R13985</subfield>
    <subfield code="r">2026-04-10 16:08:47</subfield>
    <subfield code="w">2026-04-10</subfield>
    <subfield code="y">RN</subfield>
  </datafield>
  <datafield tag="952" ind1=" " ind2=" ">
    <subfield code="0">0</subfield>
    <subfield code="1">0</subfield>
    <subfield code="4">0</subfield>
    <subfield code="7">0</subfield>
    <subfield code="a">BCEJYS</subfield>
    <subfield code="b">BCEJYS</subfield>
    <subfield code="c">17</subfield>
    <subfield code="d">1972-05-01</subfield>
    <subfield code="h">N&#xBA; 148 - mayo 1972</subfield>
    <subfield code="l">0</subfield>
    <subfield code="o">H001.8 INF 148</subfield>
    <subfield code="p">R14024</subfield>
    <subfield code="r">2026-04-10 16:08:47</subfield>
    <subfield code="w">2026-04-10</subfield>
    <subfield code="y">RN</subfield>
  </datafield>
  <datafield tag="952" ind1=" " ind2=" ">
    <subfield code="0">0</subfield>
    <subfield code="1">0</subfield>
    <subfield code="4">0</subfield>
    <subfield code="7">0</subfield>
    <subfield code="a">BCEJYS</subfield>
    <subfield code="b">BCEJYS</subfield>
    <subfield code="c">17</subfield>
    <subfield code="d">1972-04-01</subfield>
    <subfield code="h">N&#xBA; 147 - abr. 1972</subfield>
    <subfield code="l">0</subfield>
    <subfield code="o">H001.8 INF 147</subfield>
    <subfield code="p">R14023</subfield>
    <subfield code="r">2026-04-10 16:08:47</subfield>
    <subfield code="w">2026-04-10</subfield>
    <subfield code="y">RN</subfield>
  </datafield>
  <datafield tag="952" ind1=" " ind2=" ">
    <subfield code="0">0</subfield>
    <subfield code="1">0</subfield>
    <subfield code="4">0</subfield>
    <subfield code="7">0</subfield>
    <subfield code="a">BCEJYS</subfield>
    <subfield code="b">BCEJYS</subfield>
    <subfield code="c">17</subfield>
    <subfield code="d">1972-01-01</subfield>
    <subfield code="h">N&#xBA; 145 - ene./feb. 1972</subfield>
    <subfield code="l">0</subfield>
    <subfield code="o">H001.8 INF 145</subfield>
    <subfield code="p">R14022</subfield>
    <subfield code="r">2026-04-10 16:08:47</subfield>
    <subfield code="w">2026-04-10</subfield>
    <subfield code="y">RN</subfield>
  </datafield>
  <datafield tag="952" ind1=" " ind2=" ">
    <subfield code="0">0</subfield>
    <subfield code="1">0</subfield>
    <subfield code="4">0</subfield>
    <subfield code="7">0</subfield>
    <subfield code="a">BCEJYS</subfield>
    <subfield code="b">BCEJYS</subfield>
    <subfield code="c">17</subfield>
    <subfield code="d">1971-12-01</subfield>
    <subfield code="h">N&#xBA; 144 - dic. 1971</subfield>
    <subfield code="l">0</subfield>
    <subfield code="o">H001.8 INF 144</subfield>
    <subfield code="p">R14021</subfield>
    <subfield code="r">2026-04-10 16:08:47</subfield>
    <subfield code="w">2026-04-10</subfield>
    <subfield code="y">RN</subfield>
  </datafield>
  <datafield tag="952" ind1=" " ind2=" ">
    <subfield code="0">0</subfield>
    <subfield code="1">0</subfield>
    <subfield code="4">0</subfield>
    <subfield code="7">0</subfield>
    <subfield code="a">BCEJYS</subfield>
    <subfield code="b">BCEJYS</subfield>
    <subfield code="c">17</subfield>
    <subfield code="d">1971-11-01</subfield>
    <subfield code="h">N&#xBA; 143 - nov. 1971</subfield>
    <subfield code="l">0</subfield>
    <subfield code="o">H001.8 INF 143</subfield>
    <subfield code="p">R14020</subfield>
    <subfield code="r">2026-04-10 16:08:47</subfield>
    <subfield code="w">2026-04-10</subfield>
    <subfield code="y">RN</subfield>
  </datafield>
  <datafield tag="952" ind1=" " ind2=" ">
    <subfield code="0">0</subfield>
    <subfield code="1">0</subfield>
    <subfield code="4">0</subfield>
    <subfield code="7">0</subfield>
    <subfield code="a">BCEJYS</subfield>
    <subfield code="b">BCEJYS</subfield>
    <subfield code="c">17</subfield>
    <subfield code="d">1971-10-01</subfield>
    <subfield code="h">N&#xBA; 142 - oct. 1971</subfield>
    <subfield code="l">0</subfield>
    <subfield code="o">H001.8 INF 142</subfield>
    <subfield code="p">R13984</subfield>
    <subfield code="r">2026-04-10 16:08:47</subfield>
    <subfield code="w">2026-04-10</subfield>
    <subfield code="y">RN</subfield>
  </datafield>
  <datafield tag="952" ind1=" " ind2=" ">
    <subfield code="0">0</subfield>
    <subfield code="1">0</subfield>
    <subfield code="4">0</subfield>
    <subfield code="7">0</subfield>
    <subfield code="a">BCEJYS</subfield>
    <subfield code="b">BCEJYS</subfield>
    <subfield code="c">17</subfield>
    <subfield code="d">1971-09-01</subfield>
    <subfield code="h">N&#xBA; 141 - sep. 1971</subfield>
    <subfield code="l">0</subfield>
    <subfield code="o">H001.8 INF 141</subfield>
    <subfield code="p">R13983</subfield>
    <subfield code="r">2026-04-10 16:08:47</subfield>
    <subfield code="w">2026-04-10</subfield>
    <subfield code="y">RN</subfield>
  </datafield>
  <datafield tag="952" ind1=" " ind2=" ">
    <subfield code="0">0</subfield>
    <subfield code="1">0</subfield>
    <subfield code="4">0</subfield>
    <subfield code="7">0</subfield>
    <subfield code="a">BCEJYS</subfield>
    <subfield code="b">BCEJYS</subfield>
    <subfield code="c">17</subfield>
    <subfield code="d">1971-08-01</subfield>
    <subfield code="h">N&#xBA; 140 - ago. 1971</subfield>
    <subfield code="l">0</subfield>
    <subfield code="o">H001.8 INF 140</subfield>
    <subfield code="p">R13982</subfield>
    <subfield code="r">2026-04-10 16:08:47</subfield>
    <subfield code="w">2026-04-10</subfield>
    <subfield code="y">RN</subfield>
  </datafield>
  <datafield tag="952" ind1=" " ind2=" ">
    <subfield code="0">0</subfield>
    <subfield code="1">0</subfield>
    <subfield code="4">0</subfield>
    <subfield code="7">0</subfield>
    <subfield code="a">BCEJYS</subfield>
    <subfield code="b">BCEJYS</subfield>
    <subfield code="c">17</subfield>
    <subfield code="d">1971-07-01</subfield>
    <subfield code="h">N&#xBA; 139 - jul. 1971</subfield>
    <subfield code="l">0</subfield>
    <subfield code="o">H001.8 INF 139</subfield>
    <subfield code="p">R13981</subfield>
    <subfield code="r">2026-04-10 16:08:47</subfield>
    <subfield code="w">2026-04-10</subfield>
    <subfield code="y">RN</subfield>
  </datafield>
  <datafield tag="952" ind1=" " ind2=" ">
    <subfield code="0">0</subfield>
    <subfield code="1">0</subfield>
    <subfield code="4">0</subfield>
    <subfield code="7">0</subfield>
    <subfield code="a">BCEJYS</subfield>
    <subfield code="b">BCEJYS</subfield>
    <subfield code="c">17</subfield>
    <subfield code="d">1971-06-01</subfield>
    <subfield code="h">N&#xBA; 138 - jun. 1971</subfield>
    <subfield code="l">0</subfield>
    <subfield code="o">H001.8 INF 138</subfield>
    <subfield code="p">R13980</subfield>
    <subfield code="r">2026-04-10 16:08:47</subfield>
    <subfield code="w">2026-04-10</subfield>
    <subfield code="y">RN</subfield>
  </datafield>
  <datafield tag="952" ind1=" " ind2=" ">
    <subfield code="0">0</subfield>
    <subfield code="1">0</subfield>
    <subfield code="4">0</subfield>
    <subfield code="7">0</subfield>
    <subfield code="a">BCEJYS</subfield>
    <subfield code="b">BCEJYS</subfield>
    <subfield code="c">17</subfield>
    <subfield code="d">1971-04-01</subfield>
    <subfield code="h">N&#xBA; 136 - abr. 1971</subfield>
    <subfield code="l">0</subfield>
    <subfield code="o">H001.8 INF 136</subfield>
    <subfield code="p">R13978</subfield>
    <subfield code="r">2026-04-10 16:08:47</subfield>
    <subfield code="w">2026-04-10</subfield>
    <subfield code="y">RN</subfield>
  </datafield>
  <datafield tag="952" ind1=" " ind2=" ">
    <subfield code="0">0</subfield>
    <subfield code="1">0</subfield>
    <subfield code="4">0</subfield>
    <subfield code="7">0</subfield>
    <subfield code="a">BCEJYS</subfield>
    <subfield code="b">BCEJYS</subfield>
    <subfield code="c">17</subfield>
    <subfield code="d">1970-06-01</subfield>
    <subfield code="h">N&#xBA; 127 - jun. 1970</subfield>
    <subfield code="l">0</subfield>
    <subfield code="o">H001.8 INF 127</subfield>
    <subfield code="p">R14755</subfield>
    <subfield code="r">2026-04-10 16:08:47</subfield>
    <subfield code="w">2026-04-10</subfield>
    <subfield code="y">RN</subfield>
  </datafield>
  <datafield tag="952" ind1=" " ind2=" ">
    <subfield code="0">0</subfield>
    <subfield code="1">0</subfield>
    <subfield code="4">0</subfield>
    <subfield code="7">0</subfield>
    <subfield code="a">BCEJYS</subfield>
    <subfield code="b">BCEJYS</subfield>
    <subfield code="c">17</subfield>
    <subfield code="d">1970-05-01</subfield>
    <subfield code="h">N&#xBA; 126 - mayo 1970</subfield>
    <subfield code="l">0</subfield>
    <subfield code="o">H001.8 INF 126</subfield>
    <subfield code="p">R13977</subfield>
    <subfield code="r">2026-04-10 16:08:47</subfield>
    <subfield code="w">2026-04-10</subfield>
    <subfield code="y">RN</subfield>
  </datafield>
  <datafield tag="952" ind1=" " ind2=" ">
    <subfield code="0">0</subfield>
    <subfield code="1">0</subfield>
    <subfield code="4">0</subfield>
    <subfield code="7">0</subfield>
    <subfield code="a">BCEJYS</subfield>
    <subfield code="b">BCEJYS</subfield>
    <subfield code="c">17</subfield>
    <subfield code="d">1969-12-02</subfield>
    <subfield code="h">N&#xBA; 12 - dic. 1969</subfield>
    <subfield code="l">0</subfield>
    <subfield code="o">H001.8 INF 12</subfield>
    <subfield code="p">R17485</subfield>
    <subfield code="r">2026-04-10 16:08:47</subfield>
    <subfield code="w">2026-04-10</subfield>
    <subfield code="y">RN</subfield>
  </datafield>
  <datafield tag="952" ind1=" " ind2=" ">
    <subfield code="0">0</subfield>
    <subfield code="1">0</subfield>
    <subfield code="4">0</subfield>
    <subfield code="7">0</subfield>
    <subfield code="a">BCEJYS</subfield>
    <subfield code="b">BCEJYS</subfield>
    <subfield code="c">17</subfield>
    <subfield code="d">1969-12-01</subfield>
    <subfield code="h">dic. 1969</subfield>
    <subfield code="l">0</subfield>
    <subfield code="o">H001.8 INF 12.1969/s</subfield>
    <subfield code="p">R17484</subfield>
    <subfield code="r">2026-04-10 16:08:47</subfield>
    <subfield code="w">2026-04-10</subfield>
    <subfield code="y">RN</subfield>
  </datafield>
  <datafield tag="952" ind1=" " ind2=" ">
    <subfield code="0">0</subfield>
    <subfield code="1">0</subfield>
    <subfield code="4">0</subfield>
    <subfield code="7">0</subfield>
    <subfield code="a">BCEJYS</subfield>
    <subfield code="b">BCEJYS</subfield>
    <subfield code="c">17</subfield>
    <subfield code="d">1969-11-01</subfield>
    <subfield code="h">nov. 1969</subfield>
    <subfield code="l">0</subfield>
    <subfield code="o">H001.8 INF 11.1969/s</subfield>
    <subfield code="p">R17482</subfield>
    <subfield code="r">2026-04-10 16:08:47</subfield>
    <subfield code="w">2026-04-10</subfield>
    <subfield code="y">RN</subfield>
  </datafield>
  <datafield tag="952" ind1=" " ind2=" ">
    <subfield code="0">0</subfield>
    <subfield code="1">0</subfield>
    <subfield code="4">0</subfield>
    <subfield code="7">0</subfield>
    <subfield code="a">BCEJYS</subfield>
    <subfield code="b">BCEJYS</subfield>
    <subfield code="c">17</subfield>
    <subfield code="d">1969-10-01</subfield>
    <subfield code="h">oct. 1969</subfield>
    <subfield code="l">0</subfield>
    <subfield code="o">H001.8 INF 10.1969/s</subfield>
    <subfield code="p">R17481</subfield>
    <subfield code="r">2026-04-10 16:08:47</subfield>
    <subfield code="w">2026-04-10</subfield>
    <subfield code="y">RN</subfield>
  </datafield>
  <datafield tag="952" ind1=" " ind2=" ">
    <subfield code="0">0</subfield>
    <subfield code="1">0</subfield>
    <subfield code="4">0</subfield>
    <subfield code="7">0</subfield>
    <subfield code="a">BCEJYS</subfield>
    <subfield code="b">BCEJYS</subfield>
    <subfield code="c">17</subfield>
    <subfield code="d">1969-09-01</subfield>
    <subfield code="h">N&#xBA; 119 - sep. 1969</subfield>
    <subfield code="l">0</subfield>
    <subfield code="o">H001.8 INF 119</subfield>
    <subfield code="p">R17478</subfield>
    <subfield code="r">2026-04-10 16:08:47</subfield>
    <subfield code="w">2026-04-10</subfield>
    <subfield code="y">RN</subfield>
  </datafield>
  <datafield tag="952" ind1=" " ind2=" ">
    <subfield code="0">0</subfield>
    <subfield code="1">0</subfield>
    <subfield code="4">0</subfield>
    <subfield code="7">0</subfield>
    <subfield code="a">BCEJYS</subfield>
    <subfield code="b">BCEJYS</subfield>
    <subfield code="c">17</subfield>
    <subfield code="d">1969-06-01</subfield>
    <subfield code="h">N&#xBA; 11 - jun. 1969</subfield>
    <subfield code="l">0</subfield>
    <subfield code="o">H001.8 INF 11</subfield>
    <subfield code="p">R17483</subfield>
    <subfield code="r">2026-04-10 16:08:47</subfield>
    <subfield code="w">2026-04-10</subfield>
    <subfield code="y">RN</subfield>
  </datafield>
  <datafield tag="952" ind1=" " ind2=" ">
    <subfield code="0">0</subfield>
    <subfield code="1">0</subfield>
    <subfield code="4">0</subfield>
    <subfield code="7">0</subfield>
    <subfield code="a">BCEJYS</subfield>
    <subfield code="b">BCEJYS</subfield>
    <subfield code="c">17</subfield>
    <subfield code="d">1969-06-01</subfield>
    <subfield code="h">N&#xBA; 116 - jun. 1969</subfield>
    <subfield code="l">0</subfield>
    <subfield code="o">H001.8 INF 116</subfield>
    <subfield code="p">R17442</subfield>
    <subfield code="r">2026-04-10 16:08:47</subfield>
    <subfield code="w">2026-04-10</subfield>
    <subfield code="y">RN</subfield>
  </datafield>
  <datafield tag="952" ind1=" " ind2=" ">
    <subfield code="0">0</subfield>
    <subfield code="1">0</subfield>
    <subfield code="4">0</subfield>
    <subfield code="7">0</subfield>
    <subfield code="a">BCEJYS</subfield>
    <subfield code="b">BCEJYS</subfield>
    <subfield code="c">17</subfield>
    <subfield code="d">1969-05-01</subfield>
    <subfield code="h">N&#xBA; 115 - mayo 1969</subfield>
    <subfield code="l">0</subfield>
    <subfield code="o">H001.8 INF 115</subfield>
    <subfield code="p">R17477</subfield>
    <subfield code="r">2026-04-10 16:08:47</subfield>
    <subfield code="w">2026-04-10</subfield>
    <subfield code="y">RN</subfield>
  </datafield>
  <datafield tag="952" ind1=" " ind2=" ">
    <subfield code="0">0</subfield>
    <subfield code="1">0</subfield>
    <subfield code="4">0</subfield>
    <subfield code="7">0</subfield>
    <subfield code="a">BCEJYS</subfield>
    <subfield code="b">BCEJYS</subfield>
    <subfield code="c">17</subfield>
    <subfield code="d">1969-03-01</subfield>
    <subfield code="h">N&#xBA; 113 - mar. 1969</subfield>
    <subfield code="l">0</subfield>
    <subfield code="o">H001.8 INF 113</subfield>
    <subfield code="p">R17476</subfield>
    <subfield code="r">2026-04-10 16:08:47</subfield>
    <subfield code="w">2026-04-10</subfield>
    <subfield code="y">RN</subfield>
  </datafield>
  <datafield tag="952" ind1=" " ind2=" ">
    <subfield code="0">0</subfield>
    <subfield code="1">0</subfield>
    <subfield code="4">0</subfield>
    <subfield code="7">0</subfield>
    <subfield code="a">BCEJYS</subfield>
    <subfield code="b">BCEJYS</subfield>
    <subfield code="c">17</subfield>
    <subfield code="d">1968-09-01</subfield>
    <subfield code="h">N&#xBA; 108 - sep. 1968</subfield>
    <subfield code="l">0</subfield>
    <subfield code="o">H001.8 INF 108</subfield>
    <subfield code="p">R17475</subfield>
    <subfield code="r">2026-04-10 16:08:47</subfield>
    <subfield code="w">2026-04-10</subfield>
    <subfield code="y">RN</subfield>
  </datafield>
  <datafield tag="952" ind1=" " ind2=" ">
    <subfield code="0">0</subfield>
    <subfield code="1">0</subfield>
    <subfield code="4">0</subfield>
    <subfield code="7">0</subfield>
    <subfield code="a">BCEJYS</subfield>
    <subfield code="b">BCEJYS</subfield>
    <subfield code="c">17</subfield>
    <subfield code="d">1968-08-01</subfield>
    <subfield code="h">N&#xBA; 107 - ago. 1968</subfield>
    <subfield code="l">0</subfield>
    <subfield code="o">H001.8 INF 107</subfield>
    <subfield code="p">R17474</subfield>
    <subfield code="r">2026-04-10 16:08:47</subfield>
    <subfield code="w">2026-04-10</subfield>
    <subfield code="y">RN</subfield>
  </datafield>
  <datafield tag="952" ind1=" " ind2=" ">
    <subfield code="0">0</subfield>
    <subfield code="1">0</subfield>
    <subfield code="4">0</subfield>
    <subfield code="7">0</subfield>
    <subfield code="a">BCEJYS</subfield>
    <subfield code="b">BCEJYS</subfield>
    <subfield code="c">17</subfield>
    <subfield code="d">1968-06-01</subfield>
    <subfield code="h">N&#xBA; 105 - jun. 1968</subfield>
    <subfield code="l">0</subfield>
    <subfield code="o">H001.8 INF 105</subfield>
    <subfield code="p">R17473</subfield>
    <subfield code="r">2026-04-10 16:08:47</subfield>
    <subfield code="w">2026-04-10</subfield>
    <subfield code="y">RN</subfield>
  </datafield>
  <datafield tag="952" ind1=" " ind2=" ">
    <subfield code="0">0</subfield>
    <subfield code="1">0</subfield>
    <subfield code="4">0</subfield>
    <subfield code="7">0</subfield>
    <subfield code="a">BCEJYS</subfield>
    <subfield code="b">BCEJYS</subfield>
    <subfield code="c">17</subfield>
    <subfield code="d">1967-08-01</subfield>
    <subfield code="h">N&#xBA; 96 - ago. 1967</subfield>
    <subfield code="l">0</subfield>
    <subfield code="o">H001.8 INF 96</subfield>
    <subfield code="p">R17472</subfield>
    <subfield code="r">2026-04-10 16:08:47</subfield>
    <subfield code="w">2026-04-10</subfield>
    <subfield code="y">RN</subfield>
  </datafield>
  <datafield tag="952" ind1=" " ind2=" ">
    <subfield code="0">0</subfield>
    <subfield code="1">0</subfield>
    <subfield code="4">0</subfield>
    <subfield code="7">0</subfield>
    <subfield code="a">BCEJYS</subfield>
    <subfield code="b">BCEJYS</subfield>
    <subfield code="c">17</subfield>
    <subfield code="d">1967-05-01</subfield>
    <subfield code="h">N&#xBA; 93 - mayo 1967</subfield>
    <subfield code="l">0</subfield>
    <subfield code="o">H001.8 INF 93</subfield>
    <subfield code="p">R17788</subfield>
    <subfield code="r">2026-04-10 16:08:47</subfield>
    <subfield code="w">2026-04-10</subfield>
    <subfield code="y">RN</subfield>
  </datafield>
  <datafield tag="952" ind1=" " ind2=" ">
    <subfield code="0">0</subfield>
    <subfield code="1">0</subfield>
    <subfield code="4">0</subfield>
    <subfield code="7">0</subfield>
    <subfield code="a">BCEJYS</subfield>
    <subfield code="b">BCEJYS</subfield>
    <subfield code="c">17</subfield>
    <subfield code="d">1965-07-01</subfield>
    <subfield code="h">N&#xBA; 73 - jul. 1965</subfield>
    <subfield code="l">0</subfield>
    <subfield code="o">H001.8 INF 73</subfield>
    <subfield code="p">R17787</subfield>
    <subfield code="r">2026-04-10 16:08:47</subfield>
    <subfield code="w">2026-04-10</subfield>
    <subfield code="y">RN</subfield>
  </datafield>
</record>
